| 000 | 00681nam a2200217Ia 4500 | ||
|---|---|---|---|
| 001 | 9171 | ||
| 003 | GE_BSU | ||
| 008 | 181216s||||||||xx |||||||||||||| ||und|| | ||
| 040 | _cGE_BSU | ||
| 245 | _aInternational Review of the red Cross. Volume 94. Number 886 Summer 2012 | ||
| 245 | _bHumanitarian debate:Law,policy,action. New technologies and warfare | ||
| 245 | _cEditor-in-Chief Vincent Bernard | ||
| 260 | _aCambridge | ||
| 260 | _bCambridge university press | ||
| 260 | _c2012 | ||
| 300 | _a455-876p.23cm. | ||
| 520 | _aნაჩუქარი | ||
| 653 | _aHumanitarian debate:Law,policy,action | ||
| 653 | _aInternational Review of the red Cross | ||
| 942 | _cCR | ||
| 999 |
_c42475 _d42475 |
||